Man and God ; studies in Biblical theology.

Bibliographic Details
Main Author: Berkovits, Eliezer, 1908-1992
Format: Book
Language:English
Published: Detroit : Wayne State University Press, 1969.
Subjects:

MARC

Tag First Indicator Second Indicator Subfields
LEADER 00000cam a2200000 4500
001 in00000294813
005 20151010074544.0
008 690905s1969 miu b 00000 eng
010 |a  69010735  
020 |a 0814313795  |c 12.50 
035 |a (OCoLC)00022517 
035 |9 ABF2679AM 
040 |a DLC  |c DLC  |d TXA  |d UtOrBLW 
049 |a TXAM  |c [638104] 
050 0 0 |a BS1192.5  |b .B46 
082 0 |a 221 
100 1 |a Berkovits, Eliezer,  |d 1908-1992. 
245 1 0 |a Man and God ;  |b studies in Biblical theology. 
264 1 |a Detroit :  |b Wayne State University Press,  |c 1969. 
300 |a 376 pages ;  |c 24 cm. 
336 |a text  |b txt  |2 rdacontent 
337 |a unmediated  |b n  |2 rdamedia 
338 |a volume  |b nc  |2 rdacarrier 
504 |a Bibliographical references included in "Notes" (pages 349-368). 
630 0 0 |a Bible.  |p Old Testament  |x Theology. 
999 |a MARS 
999 f f |s 891d6500-f56a-3445-8b61-ba5c2a179ebc  |i 69f6715e-427d-3afa-87bc-3f090b1d3012  |t 0 
952 f f |p normal  |a Texas A&M University  |b College Station  |c Sterling C. Evans Library  |d Evans: Library Stacks  |t 0  |e BS1192.5 .B46  |h Library of Congress classification  |i unmediated -- volume  |m A14801780210 
998 f f |a BS1192.5 .B46  |t 0  |l Evans: Library Stacks